Estudio de pre factibilidad para la creación de una empresa productora de infusión de café en Ocotal, Nueva Segovia, periodo 2020-2025

El presente trabajo investigativo es un estudio de pre factibilidad para determinar la viabilidad de comercialización de té a base de café bajo el nombre Infuté en la ciudad de Ocotal, Nueva Segovia. Dicha investigación tiene como propósito fundamental distribuir y comercializar un producto, q...

Full description

Bibliographic Details
Main Authors: Rodríguez Ponce, Sidar Anthony, Soza Flores, Francisco Javier, Benavidez Gonzales, Lesther Jassiel
Other Authors: Tutor: Pineda Rodríguez, Keylin Mayela
Format: Tesis Section = Libro
Language:Undetermined
Spanish
Published: Managua UNI/RUACS 2021
Subjects:
LEADER 01459nam a2200301Ia 4500
008 240830s9999 xx 000 0 und d
040 |a BIBLIOTECA-RUPAP Mon 658.11 R696 
041 |a spa 
082 |a Mon 658.11 R696 
100 1 |a Rodríguez Ponce, Sidar Anthony 
100 1 |b  Soza Flores, Francisco Javier 
100 1 |c  Benavidez Gonzales, Lesther Jassiel 
245 1 0 |a Estudio de pre factibilidad para la creación de una empresa productora de infusión de café en Ocotal, Nueva Segovia, periodo 2020-2025 
260 |a Managua  |b UNI/RUACS  |c 2021 
300 |a 116 p. :il 
500 |a Contiene: anexos y CD. 
502 |a Tesis (Ingeniero de Sistemas)- UNI, 2021. 
520 3 |a El presente trabajo investigativo es un estudio de pre factibilidad para determinar la viabilidad de comercialización de té a base de café bajo el nombre Infuté en la ciudad de Ocotal, Nueva Segovia. Dicha investigación tiene como propósito fundamental distribuir y comercializar un producto, que lleve a la creación de fuentes de trabajo directos y mejore el nivel de vida de la población de la región. 
650 7 |a NUEVAS EMPRESAS-PROYECTOS 
650 7 |b ESTUDIOS DE FACTIBILIDAD 
650 7 |c INFUSION DE CAFÉ-INDUSTRIA Y COMERCIO 
650 7 |d ESTUDIO DE MERCADO 
650 7 |e ESTUDIO FINANCIERO 
650 7 |f IMPACTO AMBIENTAL 
700 1 |a Tutor:  |b Pineda Rodríguez, Keylin Mayela 
942 |c BK  |2 ddc 
991 |a TESIS 
999 |c 16994